| 000 | 00721cam a22002172 4500 | ||
|---|---|---|---|
| 001 | 0000025065 | ||
| 005 | 20151217160134.0 | ||
| 008 | 141027s xx 000 0 eng d | ||
| 020 | _a : | ||
| 040 |
_aKABU _cKABU |
||
| 245 | 1 | 0 |
_aBeginning dictionary / _cedited by William D.Halsey, Christopher G. Morris. |
| 260 |
_aNew York : _bMacmillan, _c1977. |
||
| 300 | _a1 vol. (various pagings. | ||
| 650 | 0 |
_aEnglish language _vDictionaries, Juvenile. _@0000181251 |
|
| 650 | 0 |
_aEnglish language _vDictionaries. _@0000148334 |
|
| 700 | 1 |
_aHalsey, William D. _@0000185455 |
|
| 700 | 1 |
_aMorris, Christopher G. _@0000185456 |
|
| 908 | _a141027 | ||
| 950 | _@1 | ||
| 999 |
_c14740 _d14740 |
||